|
|
|
|
| LEADER |
01317nam a2200433 4500 |
| 001 |
DLU090097522 |
| 005 |
##20091201 |
| 040 |
# |
# |
|a DLU
|b eng
|
| 041 |
# |
# |
|a eng
|
| 044 |
# |
# |
|a us
|
| 245 |
# |
# |
|a Chip-based analysis of protein-protein interactions by fluorescence detection and on-chip immunoprecipitation combined with microLC-MS/MS analysis /
|c Jens R. Sydor ... [et al.].
|
| 653 |
# |
# |
|a Antibody
|
| 653 |
# |
# |
|a Fluorescence spectrometry
|
| 653 |
# |
# |
|a Guanine
|
| 653 |
# |
# |
|a Immunoprecipitation reaction
|
| 653 |
# |
# |
|a Liquid chromatography
|
| 653 |
# |
# |
|a Mass spectrometry
|
| 653 |
# |
# |
|a Molecular interaction
|
| 653 |
# |
# |
|a Protein
|
| 700 |
# |
# |
|a Mao, Guo Dong.
|
| 700 |
# |
# |
|a Mariano, Maria.
|
| 700 |
# |
# |
|a Moran, Michael F.
|
| 700 |
# |
# |
|a Nock, Steffen.
|
| 700 |
# |
# |
|a Pandey, Yash.
|
| 700 |
# |
# |
|a Scalf, Mark.
|
| 700 |
# |
# |
|a Sideris, Steve.
|
| 700 |
# |
# |
|a Sydor, Jens R.
|
| 700 |
# |
# |
|a Tan, Ming.
|
| 700 |
# |
# |
|a Wagner, Peter.
|
| 773 |
# |
# |
|t Analytical Chemistry
|g Vol. 75, no. 22 (November 2003), p. 6163-6170
|
| 920 |
# |
# |
|a Phòng Tạp chí -- Trung tâm Thông tin - Thư viện Trường Đại học Đà Lạt
|
| 994 |
# |
# |
|a DLU
|
| 900 |
# |
# |
|a True
|
| 911 |
# |
# |
|a Trương Bảo Trâm Anh
|
| 925 |
# |
# |
|a G
|
| 926 |
# |
# |
|a A
|
| 927 |
# |
# |
|a BB
|
| 980 |
# |
# |
|a Thư viện Trường Đại học Đà Lạt
|